טוען...

Identification and inference for econometric models : essays in honor of Thomas Rothenberg /

מידע ביבליוגרפי
מחברים אחרים: Andrews, Donald W. K., Stock, James H., Rothenberg, Thomas J.
פורמט: Printed Book
שפה:English
יצא לאור: Cambridge ; New York : Cambridge University Press, 2005.
נושאים:
LEADER 00871 a2200193 4500
008 100208b ||||| |||| 00| 0 eng d
020 |a 052184441X 
020 |a 9780521844413 
082 0 0 |a 330.015195 
245 0 0 |a Identification and inference for econometric models :  |b essays in honor of Thomas Rothenberg /  |c edited by Donald W K Andrews, James H Stock 
260 |a Cambridge ;  |a New York :  |b Cambridge University Press,  |c 2005. 
500 |a "A Festschrift in Honor of Thomas J. Rothenberg." 
650 0 |a Econometric models 
700 1 |a Andrews, Donald W. K. 
700 1 |a Stock, James H. 
700 1 |a Rothenberg, Thomas J. 
942 |c BK 
999 |c 318836  |d 318836 
952 |0 0  |1 0  |2 ddc  |4 0  |6 330_015195000000000_AND_I  |7 0  |9 365080  |a ECN  |b ECN  |c ST1  |d 2018-07-31  |e The Book Shop, Publication Division, University of Calicut  |i 9193  |l 0  |o 330.015195 AND/I  |p ECN9193  |r 2019-02-13  |w 2019-02-13  |y BK